00897nam a2200229Ii 45000010005000000030009000050080041000140400033000550410008000880820011000961000043001072450017001502640066001673000012002333360026002453370028002713380027002999400050003269990017003769520137003939520137005305877CO-ViMGA241108s9999||||xx |||||||||||||| ||und|| aCO-ViMGAbspaerdacCO-ViMGA0 aunk04a867-Q51 aFrancisco de Quevedo y Villegas94695610aLos sueños 1a[Lugar de publicación no identificado] : Espasa-Calpe, 1949 avolumen atextbtxt2rdacontent aunmediatedbn2rdamedia avolumebnc2rdacarrier aidficha_siabuc: 5730. -- ficha_no_siabuc:5877 c51682d51682 001040708001aMEVIGERRbMEVIGERRcGENd2006-11-27hVol.1o867-Q5pECA5056r2024-11-26 10:08:32tEj.1w2024-11-26yBKz5730 | 8016 001040708001aMEVIGERRbMEVIGERRcGENd2006-11-27hVol.1o867-Q5pECA5055r2024-11-26 10:08:32tEj.1w2024-11-26yBKz5730 | 8015